| 000 | 00765nam a2200241Ia 4500 | ||
|---|---|---|---|
| 999 |
_c65217 _d65217 |
||
| 005 | 20240530110813.0 | ||
| 008 | 140319s2008 au a f b 000 0 ara d | ||
| 017 |
_a2008/14146 _bمصر. دار الكتب |
||
| 020 | _a9789770924771 | ||
| 040 |
_aGCL / _cGCL |
||
| 082 | 0 | 4 |
_221 _a780.92 / _bم أ |
| 100 | 0 | _aمحمد التابعى | |
| 245 | 1 | 0 |
_aاسمهان تروى قصتها / _cمحمد التابعى |
| 250 | _aط.1 | ||
| 260 |
_aالقاهرة : _bدار الشروق ، _c2009 . |
||
| 300 |
_a263 ص. : _bصور. ؛ _c24 سم. |
||
| 600 | 0 | _aاسمهان | |
| 600 | 0 |
_aاسمهان _vصور |
|
| 650 | 0 | 7 |
_aالممثلون والممثلات _2qrmak |
| 651 | _2qrmak | ||
| 942 |
_2ddc _cBK |
||